Cyfry arabskie - Statystyki

Ogólne statystyki
  • Ten quiz został rozwiązany 33 razy
  • Średni wynik to 6 z 10
Statystyki odpowiedzi
Cyfra arabska standardowa Cyfra arabska używana w Europie % Poprawnych
٠ 0
85%
٥ 5
80%
٣ 3
75%
٨ 8
65%
١ 1
60%
٢ 2
60%
٩ 9
60%
٧ 7
45%
٦ 6
35%
٤ 4
25%
Nie znaleziono quizów pasujących do podanych kryteriów
Rozkład punktacji
Procent ludzi z każdym wynikiem
Percentyl według liczby udzielonych odpowiedzi
Twoja historia wyników
Nie rozwiązałeś tego quizu